期刊信息 |
| 索取号 |
I2/DJ
|
| 题名 |
大家
|
| 作者 |
云南人民出版社
|
| 分册号 |
|
| 分册名 |
|
| 出版地 |
云南
|
| 出版者 |
大家杂志社
|
| 标准刊号 |
1005-4553
|
| 出版频率 |
双月刊
|
| 中图法分类 |
I2
|
| 主题词 |
文学 中国
|
| 电子资源 | |
| |
|
| 000 | 00544nas0 2200205 45 | |
| 001 | 0737350656 | |
| 005 | 2007090410223065 | |
| 011 | @a1005-4553@d¥40.00 | |
| 091 | @aCN53-1108 | |
| 100 | @a20070904d km y0chiy0120 ea | |
| 101 | 0 | @achi |
| 110 | @aagaz 0xx0 | |
| 200 | 1 | @a大家@ADa Jia@f云南人民出版社@FYun Nan Ren Min Chu Ban She |
| 210 | @a云南@c大家杂志社 | |
| 326 | @a双月刊 | |
| 606 | 0 | @a文学@x中国 |
| 690 | @aI2@v4 | |
| 711 | 02 | @a云南人民出版社@AYun Nan Ren Min Chu Ban She |
| 801 | 0 | @aCN@bPFT@c20070904 |
| 905 | @a213230@dI2@eDJ | |
| 大家/云南人民出版社.-云南:大家杂志社 |
| ISSN 1005-4553:¥40.00 |
| ● |
| 相关链接: |
|
|
|
|